| 000 | 00926nam a2200289Ia 4500 | ||
|---|---|---|---|
| 005 | 20220316235932.0 | ||
| 008 | 141017s1999 ck a gr 000 j spa | ||
| 020 | _a9580414262 | ||
| 041 | 1 | _aspa | |
| 100 | 1 | _aKasza, Keiko | |
| 245 | 1 | 3 |
_aEl día de campo de don Chancho _cKeiko Kasza ; traducción de Mercedes Guhl |
| 250 | _aDécima segunda reimpresión | ||
| 300 |
_a28 páginas _bilustraciones _c24 cm |
||
| 534 | _t The pig's picnic | ||
| 650 | 1 | 4 |
_aCuentos infantiles japoneses _2LEMB |
| 650 | 1 | 4 |
_aCerdos _vCuentos _2LEMB |
| 650 | 1 | 4 |
_aAnimales _vCuentos _2LEMB |
| 650 | 1 | 4 |
_aLiteratura infantil japonesa _2LEMB |
| 700 | 1 |
_aGuhl, Mercedes _etraductor _99739 |
|
| 942 |
_2loc _cBKINF |
||
| 264 |
_aBogotá _bNorma _c1999 |
||
| 336 |
_atexto _btxt _2rdacontent |
||
| 337 |
_asin mediación _bn _2rdamedia |
||
| 338 |
_avolumen _bnc _2rdacarrier |
||
| 040 |
_aCO-BoRNBP _bspa _erda _cCO-BoRNBP |
||
| 084 | _aC KAS1 | ||
| 999 |
_c2647 _d2647 |
||